[Event "Hessen-ch U12"]
[Site "Bad Homburg"]
[Date "2014.??.??"]
[Round "3"]
[White "Kuech, Leonard"]
[Black "Krauss, Pascal"]
[Result "0-1"]
[WhiteElo "812"]
[BlackElo "1137"]
[PlyCount "64"]
[EventDate "2014.04.??"]
[EventType "swiss"]
[EventRounds "9"]
[EventCountry "GER"]
[SourceTitle "EXT 2022"]
[Source "ChessBase"]
[SourceDate "2021.10.06"]
[SourceVersion "1"]
[SourceVersionDate "2021.10.06"]
[SourceQuality "1"]

1. e4 e5 2. Nf3 Nf6 3. Nc3 Nc6 4. d4 exd4 5. Nxd4 Bb4 6. Nxc6 bxc6 7. Qd4 Bxc3+ 8. Qxc3 Nxe4 9. Qxg7 Rf8 10. Qe5+ Qe7 11. Qxe7+ Kxe7 12. Bd3 Nd6 13. Bxh7 f5 14. h4 Rh8 15. Bg6 Ba6 16. h5 Rag8 17. f3 Rxg6 18. hxg6 Rxh1+ 19. Kf2 Rh8 20. g7 Rg8 21. Bh6 Ne8 22. Bg5+ Kf7 23. Re1 Rxg7 24. Re7+ Kg6 25. Rxe8 Kxg5 26. Ke3 Kf6 27. Kf2 Bb5 28. Re1 Re7 29. Rd1 Re2+ 30. Kg1 Rxc2 31. g4 d5 32. gxf5 Kxf5 0-1

[Event "Hessen-ch U12"]
[Site "Bad Homburg"]
[Date "2014.??.??"]
[Round "5"]
[White "Luu, Linh Son"]
[Black "Krauss, Pascal"]
[Result "0-1"]
[WhiteElo "864"]
[BlackElo "1137"]
[PlyCount "94"]
[EventDate "2014.04.??"]
[EventType "swiss"]
[EventRounds "9"]
[EventCountry "GER"]
[SourceTitle "EXT 2022"]
[Source "ChessBase"]
[SourceDate "2021.10.06"]
[SourceVersion "1"]
[SourceVersionDate "2021.10.06"]
[SourceQuality "1"]

1. e4 e5 2. Nf3 Nc6 3. Bc4 Nf6 4. Nc3 Nxe4 5. Nxe4 d5 6. Bxd5 Qxd5 7. Nc3 Qd8 8. d3 Bg4 9. h3 Bh5 10. Be3 Bb4 11. a3 Ba5 12. 0-0 Bxc3 13. bxc3 0-0 14. Rb1 Rb8 15. d4 e4 16. g4 exf3 17. gxh5 Qf6 18. d5 Qf5 19. dxc6 Qxh3 20. Qxf3 Qxf3 21. Bxa7 Qxc6 22. Bxb8 Rxb8 23. Rb3 g6 24. h6 Qf6 25. Re1 Qg5+ 26. Kf1 Qxh6 27. Re7 Qc1+ 28. Kg2 Qg5+ 29. Kf1 Qxe7 30. a4 Ra8 31. Rb4 Qxb4 32. cxb4 Rxa4 33. c3 Ra3 34. c4 Ra4 35. b5 Rxc4 36. Ke2 h5 37. Kd3 Rg4 38. f3 Rg3 39. Ke2 h4 40. Kf2 f5 41. f4 c6 42. bxc6 bxc6 43. Ke2 h3 44. Kd2 h2 45. Kc2 h1Q 46. Kd2 Qh2+ 47. Ke1 Rg1# 0-1

[Event "Karl Mala Memorial op-B 16th"]
[Site "Frankfurt"]
[Date "2013.07.14"]
[Round "7"]
[White "Krauss, Pascal"]
[Black "Albrecht, Klaus Dieter"]
[Result "1-0"]
[WhiteElo "1118"]
[BlackElo "1183"]
[PlyCount "133"]
[EventDate "2013.07.11"]
[EventType "swiss"]
[EventRounds "7"]
[EventCountry "GER"]
[SourceTitle "CBM 155 Extra"]
[Source "ChessBase"]
[SourceDate "2013.08.26"]
[SourceVersion "1"]
[SourceVersionDate "2013.08.26"]
[SourceQuality "1"]

1. e4 e5 2. Nf3 Nc6 3. Nc3 Bc5 4. Nxe5 Nxe5 5. d4 Bd6 6. dxe5 Bxe5 7. f4 Bxc3+ 8. bxc3 d6 9. Be2 h5 10. e5 Bg4 11. Bxg4 hxg4 12. Qxg4 Qh4+ 13. Qxh4 Rxh4 14. g3 Rh6 15. 0-0 0-0-0 16. Rd1 dxe5 17. Rxd8+ Kxd8 18. fxe5 Re6 19. Bf4 Kd7 20. Rd1+ Kc8 21. Bg5 f6 22. exf6 gxf6 23. Bf4 Ne7 24. h4 Nf5 25. g4 Nxh4 26. Kf2 Ng6 27. Be3 b6 28. Kf3 Nh4+ 29. Kg3 Nf5+ 30. gxf5 Rxe3+ 31. Kh4 Rxc3 32. Rd2 Rc5 33. Rf2 Ra5 34. c3 Ra3 35. Rc2 b5 36. Kh5 Ra6 37. Kg6 Rc6 38. Re2 Kd7 39. Re3 Rd6 40. Kf7 Kc6 41. Re6 Kd5 42. Rxd6+ Kxd6 43. Kxf6 c5 44. Kg7 Kd5 45. f6 Kc4 46. f7 Kxc3 47. f8Q c4 48. Qf6+ Kc2 49. Qa6 c3 50. Qxb5 Kd2 51. Qb4 Kd3 52. Qd6+ Kc2 53. Kf6 Kb2 54. Qd5 c2 55. Qb3+ Kc1 56. Ke5 Kd2 57. Qb2 Kd1 58. a4 c1Q 59. Qxc1+ Kxc1 60. a5 Kc2 61. a6 Kb3 62. Kd6 Kb4 63. Kc7 Kb5 64. Kb7 Kc5 65. Kxa7 Kc6 66. Kb8 Kb6 67. a7 1-0

[Event "Karl Mala Memorial op-B 16th"]
[Site "Frankfurt"]
[Date "2013.07.12"]
[Round "3"]
[White "Krauss, Pascal"]
[Black "Adilipour, Navid"]
[Result "1-0"]
[WhiteElo "1118"]
[BlackElo "762"]
[PlyCount "107"]
[EventDate "2013.07.11"]
[EventType "swiss"]
[EventRounds "7"]
[EventCountry "GER"]
[SourceTitle "CBM 155 Extra"]
[Source "ChessBase"]
[SourceDate "2013.08.26"]
[SourceVersion "1"]
[SourceVersionDate "2013.08.26"]
[SourceQuality "1"]

1. e4 e5 2. Nf3 Nc6 3. Nc3 Nf6 4. Bb5 a6 5. Bxc6 dxc6 6. Nxe5 Bd6 7. Nf3 0-0 8. e5 Re8 9. d4 c5 10. 0-0 cxd4 11. Qxd4 Bxe5 12. Qxd8 Rxd8 13. Nxe5 Bf5 14. Bg5 Re8 15. Nd3 h6 16. Bf4 Ne4 17. Nxe4 Bxe4 18. Rfe1 g5 19. Bxc7 Rac8 20. f3 Bxd3 21. Rxe8+ Rxe8 22. cxd3 Re3 23. Rd1 Re7 24. Ba5 Re5 25. b4 b5 26. d4 Rd5 27. Kf2 f5 28. Ke3 Rd7 29. d5 Re7+ 30. Kd4 Re2 31. Kc5 Rxg2 32. d6 Kf8 33. d7 Rc2+ 34. Kb6 Re2 35. d8Q+ Re8 36. Qxe8+ Kxe8 37. Rd6 Ke7 38. Kc7 g4 39. fxg4 fxg4 40. Kc6 h5 41. Kd5 h4 42. Bc7 g3 43. h3 g2 44. Bb6 Kf7 45. Ke5 Kg7 46. Kf5 Kh7 47. Rg6 a5 48. bxa5 b4 49. Kf6 b3 50. axb3 g1Q 51. Bxg1 Kh8 52. Kf7 Kh7 53. Ra6 Kh8 54. Rh6# 1-0

[Event "Karl Mala Memorial op-B 16th"]
[Site "Frankfurt"]
[Date "2013.07.11"]
[Round "1"]
[White "Krauss, Pascal"]
[Black "Jayakumar, Nivesh"]
[Result "0-1"]
[WhiteElo "1118"]
[BlackElo "1622"]
[PlyCount "76"]
[EventDate "2013.07.11"]
[EventType "swiss"]
[EventRounds "7"]
[EventCountry "GER"]
[SourceTitle "CBM 155 Extra"]
[Source "ChessBase"]
[SourceDate "2013.08.26"]
[SourceVersion "1"]
[SourceVersionDate "2013.08.26"]
[SourceQuality "1"]

1. e4 c5 2. Nf3 d6 3. d4 cxd4 4. Nxd4 Nf6 5. Nc3 a6 6. Bc4 e6 7. Nf3 Be7 8. 0-0 Nbd7 9. Be3 0-0 10. Ng5 Ne5 11. Qe2 Nfg4 12. Nf3 Nxe3 13. fxe3 Nxc4 14. Qxc4 b5 15. Qb3 Qc7 16. Rf2 Bb7 17. Raf1 Qc5 18. Re1 Bf6 19. Nd2 Rac8 20. Ndb1 Bh4 21. g3 Bg5 22. Rfe2 Qe5 23. Nd2 Be7 24. Nf3 Qf6 25. Rf2 Qg6 26. e5 Rc4 27. a4 Qg4 28. Kg2 Rb4 29. Qa3 dxe5 30. Qa2 Rd8 31. Ree2 bxa4 32. e4 Bc5 33. Rd2 Rxd2 34. Rxd2 Bxe4 35. Rd8+ Bf8 36. Nxe4 Qxe4 37. Qa3 Qe2+ 38. Kh3 Qf1# 0-1

[Event "Hessen-ch U10"]
[Site "Bad Homburg"]
[Date "2013.??.??"]
[Round "3"]
[White "Graf, Justus Felix"]
[Black "Krauss, Pascal"]
[Result "1-0"]
[WhiteElo "1489"]
[BlackElo "961"]
[PlyCount "107"]
[EventDate "2013.03.??"]
[EventType "swiss"]
[EventRounds "9"]
[EventCountry "GER"]
[SourceTitle "EXT 2014"]
[Source "ChessBase"]
[SourceDate "2013.11.20"]
[SourceVersion "1"]
[SourceVersionDate "2013.11.20"]
[SourceQuality "1"]

1. e4 e5 2. Nf3 Nf6 3. Nxe5 d6 4. Nf3 Nxe4 5. Nc3 Nf6 6. d4 Bg4 7. Bg5 Nc6 8. Be2 Be7 9. 0-0 0-0 10. h3 Bh5 11. Re1 h6 12. Bh4 d5 13. Ne5 Bxe2 14. Rxe2 Re8 15. Qd2 Qd6 16. Nb5 Qd8 17. Rae1 g5 18. Bg3 a6 19. Nxc6 bxc6 20. Nxc7 Ne4 21. Rxe4 dxe4 22. Nxe8 Qxe8 23. Rxe4 Rd8 24. Qe1 Kf8 25. Be5 f6 26. Bxf6 Rd7 27. Bxe7+ Rxe7 28. Rxe7 Qxe7 29. Qxe7+ Kxe7 30. Kf1 Kd6 31. Ke2 Kd5 32. Kd3 Ke6 33. Ke4 a5 34. c4 Kd6 35. Kf5 c5 36. d5 Ke7 37. Ke5 h5 38. g3 a4 39. a3 g4 40. hxg4 hxg4 41. Kf5 Ke8 42. Ke6 Kd8 43. Kd6 Kc8 44. Ke7 Kc7 45. d6+ Kc8 46. d7+ Kb7 47. d8Q Ka7 48. Qc7+ Ka8 49. Qc8+ Ka7 50. Qxc5+ Ka8 51. Qb5 Ka7 52. c5 Ka8 53. c6 Ka7 54. Qb7# 1-0